| 000 | 00657nam a2200217Ia 4500 | ||
|---|---|---|---|
| 003 | ARRUPE | ||
| 005 | 20150930153859.0 | ||
| 008 | 130303s9999 xx 000 0 und d | ||
| 020 | _a090727109X | ||
| 040 | _cARRUPELIB | ||
| 050 |
_aBV2170. _bH5 1982 |
||
| 100 |
_aHickey, Raymond _920007 |
||
| 245 | _aModern missionary documents and Africa | ||
| 245 | _ba companion volume to vatican council II conciliar and post- conciliar documents | ||
| 260 |
_aDublin _bDominican Publications _c1982 |
||
| 300 | _a265p.; | ||
| 300 | _b 19cm. | ||
| 650 |
_aCatholic Church _xMissions _920008 |
||
| 650 |
_aMissions _xTheory _920009 |
||
| 942 |
_2lcc _cMONOGRAPH |
||
| 999 |
_c25187 _d25187 |
||